000 00237nam a2200097Ia 4500
001 1164776
005 20250827011727.0
008 250824s9999 xx 000 0 und d
245 0 _aBİR DEDENİN KALBİ
_cIRENA TREVISAN
260 _bKETEBE
999 _c1164776
_d1164776